[Event "IECC O email"]
[Site "IECC email"]
[Date "2002.06.19"]
[Round "?"]
[White "Pettigrew, Dylan"]
[Black "Caudill, Tommy A"]
[Result "0-1"]
[WhiteElo "1200"]
[BlackElo "1236"]
[PlyCount "54"]
[EventDate "2002.??.??"]
[EventType "tourn (corr)"]
[EventRounds "6"]
[SourceTitle "Corr 2008"]
[Source "ChessBase"]
[SourceDate "2008.06.24"]
[SourceVersion "1"]
[SourceVersionDate "2008.06.24"]
[SourceQuality "1"]

1. e4 e5 2. Nf3 Nc6 3. Bb5 d6 4. c3 Nf6 5. 0-0 Nxe4 6. Re1 Nf6 7. d4 Bd7 8. Bxc6 Bxc6 9. dxe5 dxe5 10. Rxe5+ Be7 11. Qe2 Kf8 12. Bg5 Bd6 13. Re3 h6 14. Bxf6 Qxf6 15. Nbd2 Bf4 16. Ne4 Qg6 17. Ne5 Bxe5 18. Qc4 f5 19. Ng3 Bxg3 20. Rxg3 Qd6 21. b4 Re8 22. Qb3 f4 23. Rg4 Qe5 24. h3 Bd7 25. Rh4 g5 26. Qc4 gxh4 27. Qxf4+ Qxf4 0-1